| 000 | 01749nam a22001937a 4500 | ||
|---|---|---|---|
| 999 |
_c44187 _d44187 |
||
| 005 | 20230208230051.0 | ||
| 008 | s2548 th o tha d | ||
| 040 | _aNALT | ||
| 086 | _aสว 10 7.3 338.65 2548 | ||
| 110 | 2 |
_aสำนักงานเลขาธิการวุฒิสภา. _bสำนักกรรมาธิการ 2 _92442 |
|
| 245 | 1 | 0 |
_aรายงานผลการพิจารณาสอบสวน กรณีการไม่ปฏิบัติตามสัญญาแก้ไขเพิ่มเติม (ครั้งที่ 4) สัญญาเช่าโรงงานสุราบางยี่ขัน และให้ใช้สิทธิในการผลิต และจำหน่ายสุรา ระหว่างกรมโรงงานอุตสาหกรรมกับบริษัท สุรามหาราษฎร จำกัด (มหาชน) / _cสำนักกรรมาธิการ 2 สำนักงานเลขาธิการวุฒิสภา. |
| 260 |
_aกรุงเทพฯ : _bสำนักกรรมาธิการ 2 สำนักงานเลขาธิการวุฒิสภา, _c2548. |
||
| 300 |
_a136 หน้า : _bตาราง ; _c29 ซม. |
||
| 610 | 2 | 4 |
_aคณะกรรมาธิการวิสามัญพิจารณาสอบสวนและศึกษาเรื่องเกี่ยวกับการทุจริต วุฒิสภา _942170 _xรายงาน |
| 650 | 4 |
_aสุรา _942310 |
|
| 850 | _aNALT | ||
| 942 |
_cPAR _2local |
||
| 998 |
_j25 _k นีลวัสน์ อินทรักษา |
||